[Event "Batumi op"]
[Site "Batumi"]
[Date "2001.06.28"]
[Round "3"]
[White "Kantaria, Mikheil"]
[Black "Mkrtchian, Lilit"]
[Result "1-0"]
[WhiteElo "2104"]
[BlackElo "2344"]
[PlyCount "63"]
[EventDate "2001.06.26"]
[EventType "swiss"]
[EventRounds "9"]
[EventCountry "GEO"]
[SourceTitle "EXT 2002"]
[Source "ChessBase"]
[SourceDate "2001.11.25"]
[SourceVersion "1"]
[SourceVersionDate "2001.11.25"]
[SourceQuality "1"]

1. d4 d5 2. c4 e6 3. Nc3 Be7 4. Nf3 Nf6 5. Bg5 h6 6. Bh4 0-0 7. e3 b6 8. Bd3 Bb7 9. 0-0 Nbd7 10. Qe2 a6 11. Rfd1 dxc4 12. Bxc4 b5 13. Bb3 Ne4 14. Bg3 Nxg3 15. hxg3 c5 16. d5 exd5 17. Bxd5 Qc7 18. a4 Bf6 19. Ne4 c4 20. Nh2 Be7 21. Rac1 Bxd5 22. Rxd5 Nb6 23. Rh5 Nxa4 24. Ng4 Qc6 25. Qf3 Rac8 26. Rd1 Nxb2 27. Rd6 f5 28. Nxh6+ gxh6 29. Rhxh6 Bxd6 30. Qh5 Be5 31. Ng5 Qd7 32. Rg6+ 1-0

[Event "GEO-ch U20"]
[Site "Tbilisi"]
[Date "2001.03.??"]
[Round "5"]
[White "Magalashvili, Davit"]
[Black "Kantaria, Mikheil"]
[Result "0-1"]
[WhiteElo "2050"]
[BlackElo "2101"]
[PlyCount "75"]
[EventDate "2001.??.??"]
[EventType "swiss"]
[EventRounds "9"]
[EventCountry "GEO"]
[SourceTitle "EXT 2004"]
[Source "ChessBase"]
[SourceDate "2003.11.25"]
[SourceVersion "1"]
[SourceVersionDate "2003.11.25"]
[SourceQuality "1"]

1. d4 e6 2. c4 Nf6 3. Nf3 b6 4. g3 Ba6 5. b3 Bb4+ 6. Bd2 Be7 7. Bg2 Bb7 8. Nc3 d5 9. cxd5 exd5 10. 0-0 0-0 11. Bf4 Re8 12. Rc1 c6 13. Ne5 Nbd7 14. e4 dxe4 15. Nxe4 Nxe5 16. dxe5 Nd5 17. Qg4 Bc8 18. Qf3 Bd7 19. h4 Rc8 20. Rfd1 Ba3 21. Rc4 b5 22. Rcd4 Qe7 23. Nc3 Be6 24. Nxd5 Bxd5 25. Qc3 Bc5 26. R4d3 Bb4 27. Qc2 Be6 28. Be4 h6 29. Qe2 c5 30. Qh5 Qf8 31. Bd2 c4 32. Bxb4 Qxb4 33. bxc4 Rxc4 34. Bf5 Qe7 35. Bxe6 Qxe6 36. Rd7 Re4 37. Rxa7 Qxe5 38. Qxe5 0-1

[Event "GEO-ch U18"]
[Site "Tbilisi"]
[Date "2001.02.??"]
[Round "?"]
[White "Kantaria, Mikheil"]
[Black "Chigladze, Iveri"]
[Result "1-0"]
[WhiteElo "2101"]
[BlackElo "2067"]
[PlyCount "79"]
[EventDate "2001.??.??"]
[EventType "swiss"]
[EventRounds "9"]
[EventCountry "GEO"]
[SourceTitle "EXT 2004"]
[Source "ChessBase"]
[SourceDate "2003.11.25"]
[SourceVersion "1"]
[SourceVersionDate "2003.11.25"]
[SourceQuality "1"]

1. d4 g6 2. c4 Bg7 3. g3 d6 4. Bg2 e5 5. Nf3 Nc6 6. d5 Nce7 7. 0-0 f5 8. Nc3 Nf6 9. Ne1 0-0 10. Nd3 h6 11. f3 g5 12. e4 Ng6 13. Rb1 Bd7 14. b4 Rf7 15. c5 Bf8 16. a4 f4 17. g4 h5 18. h3 hxg4 19. hxg4 c6 20. Ba3 Rc8 21. Rf2 cxd5 22. exd5 dxc5 23. Nxc5 a5 24. N3e4 Nxe4 25. Nxe4 Rc4 26. Bf1 Rd4 27. Rd2 Rxd2 28. Qxd2 Bxa4 29. d6 Rd7 30. Bc4+ Kg7 31. bxa5 Bc6 32. Bd5 Nh4 33. Nc5 Rxd6 34. Bxc6 Qc8 35. Ne6+ Qxe6 36. Rxb7+ Kh6 37. Bxd6 Bxd6 38. Be4 Bc5+ 39. Kh1 Be7 40. Rb6 1-0

[Event "GEO-ch U18"]
[Site "Tbilisi"]
[Date "2001.02.??"]
[Round "?"]
[White "Kantaria, Mikheil"]
[Black "Gogochuri, Levan"]
[Result "1-0"]
[WhiteElo "2101"]
[BlackElo "2116"]
[PlyCount "134"]
[EventDate "2001.??.??"]
[EventType "swiss"]
[EventRounds "9"]
[EventCountry "GEO"]
[SourceTitle "EXT 2004"]
[Source "ChessBase"]
[SourceDate "2003.11.25"]
[SourceVersion "1"]
[SourceVersionDate "2003.11.25"]
[SourceQuality "1"]

1. d4 Nf6 2. c4 c5 3. d5 b5 4. cxb5 a6 5. b6 d6 6. Nc3 Nbd7 7. e4 g6 8. Nf3 Bg7 9. Be2 0-0 10. 0-0 Nxb6 11. Nd2 Nfd7 12. Nc4 Nxc4 13. Bxc4 Rb8 14. Qe2 Qa5 15. Nd1 Ne5 16. Ne3 Bd7 17. Bd2 Qb6 18. b3 Bb5 19. Rac1 Nxc4 20. Nxc4 Bxc4 21. Rxc4 e6 22. Qd3 Rbe8 23. dxe6 fxe6 24. Be3 a5 25. Rd1 Rd8 26. Rc2 Be5 27. g3 Rf3 28. Qc4 Re8 29. Kg2 Rf7 30. Rcd2 g5 31. Bxg5 Bd4 32. Re2 Qb7 33. f3 e5 34. Rf1 Kg7 35. Bd2 Ra8 36. h4 a4 37. bxa4 Qa6 38. Qxa6 Rxa6 39. a5 Rb7 40. Rc1 Rb2 41. Kf1 Kf7 42. Be1 Rb7 43. f4 exf4 44. gxf4 Kf8 45. Kg2 Rc6 46. Kf3 Ra6 47. Rd1 Ke7 48. Rd3 Rc7 49. Rc2 Kd7 50. Rc4 Kc8 51. Rb3 Re7 52. Rc1 Rc7 53. Rc4 Rg7 54. Rb5 Rga7 55. a4 Kc7 56. Rc1 Rc6 57. Rc4 Ra8 58. Bg3 Rca6 59. Be1 Rc6 60. h5 Rca6 61. f5 Kc6 62. Rc1 d5 63. e5 c4 64. Bg3 Rxa5 65. Rxa5 Rxa5 66. e6 Kb7 67. Rb1+ Kc6 1-0